В Интернет - с Netscape! Новое поколение лучших программ для Интернета

Бібліографічні деталі
Автор: Броварский Е. В.
Мова:Російська
Опубліковано: Москва, Солон-Р, 2000
Предмети:
Формат: Книга
KOHA link:https://koha.lib.tpu.ru/cgi-bin/koha/opac-detail.pl?biblionumber=23262

MARC

LEADER 00000nam0a2200000 4500
001 23262
005 20231030195207.0
010 |a 5934550632 
035 |a (RuTPU)RU\TPU\book\23480 
035 |a BOOK00023552 
090 |a 23262 
100 |a 20011209d2000 m y0rusy50 ca 
101 0 |a rus 
102 |a RU 
105 |a y j 000zy 
200 1 |a В Интернет - с Netscape! Новое поколение лучших программ для Интернета  |f Е. В. Броварский 
210 |a Москва  |c Солон-Р  |d 2000 
215 |a 240 с. 
610 1 |a компьютерные сети 
610 1 |a программы 
610 1 |a Internet 
610 1 |a Netscafe 
610 1 |a учебные пособия 
675 |a 681.324.06  |v 3 
700 1 |a Броварский  |b Е. В. 
801 0 |a RU  |b 63413507  |c 20011209  |g PSBO 
801 2 |a RU  |b 63413507  |c 20180220  |g PSBO 
942 |c BK